Vista normal Vista MARC

Entrada Materia (personas)

Número de registros utilizados en: 1

001 - CONTROL NUMBER

  • control field: 62382

003 - CONTROL NUMBER IDENTIFIER

  • control field: Co-BoUCM

005 - DATE AND TIME OF LATEST TRANSACTION

  • control field: 20140609151027.0

008 - FIXED-LENGTH DATA ELEMENTS

  • fixed length control field: 140609|| aca||aabn | a|a d

040 ## - CATALOGING SOURCE

  • Original cataloging agency: Co-BoUCM
  • Transcribing agency: Co-BoUCM

100 ## - HEADING--PERSONAL NAME

  • Personal name: Bischof, Nicolás

670 ## - SOURCE DATA FOUND

  • Source citation: Work cat.: (Co-BoUCM)38187: Augustini Aurelli Santo 354-430 61858, Omnium Operum D. Aurelii Augustini Hipponensis episcopi primus tomus ad fidem vetustorum exemplarium, post omnium in huncuquem diem editiones denuo demum summa vigilantia repurgatorum a mendis innumeris ut optimo iure tantus Ecclesiae doctor renatus videri posit ..., 1540-1543